Derby Quotes Quiz Stats

 Plays Quiz not verified by Sporcle

Challenge
Share
Tweet
Embed
Score 0/25 Timer 04:00
0 Plays Today
Quotes Last Names % Correct
It's statistically possible..Hakanson
87.5%
We spend 8 trillion dollars a day in Iraq.Walker
87.5%
The night is in diapersPierce
87.5%
So I think this email explains where my pants areNunziato
87.5%
People have been talking food off my plate my whole lifeHakanson
87.5%
Now I understand why the people went on the oregon trail. Who the **** would want to stay here. Nunziato
75%
If she starts crying i'm getting out of the carButtrick
75%
Dude, its easy, you just have to know approximately how deep the sewers are.Corcoran
75%
I think we should all get together and watch the superbowl together. Like as a groupMorgan
75%
I'm talking about BOOM, Buttsex. Fifteen inches wide, about ten feet long. It's not like ooh baby that feel good it's about aw aw my butthole bleedingLefevour
75%
Hey , you have a little something on your teeth. I told you that because I'm a real FriendLawson
75%
Drew Lawson is the meanest boy aliveMorgan
75%
The world's population has increased 3 times since we have been bornWalker
62.5%
Quotes Last Names % Correct
Why are you dressed like a chick. **** ThatNunziato
62.5%
It'd be great if we were all girls and went dressed as famous first ladiesCorcoran
62.5%
Thats my alarm to make sure I go to the bathroom when i'm drunkLefevour
62.5%
I hate when girls dress like **** just because its halloween?Lawson
62.5%
I don't like girls!Morgan
50%
No, no, what do you mean by that? Seriously what does it mean. Lets all get together as a group and talk about what you meant. Hakanson
50%
I don't think you can make a worse first impression than pissing yourselfHakanson
50%
Why don't you go cough in a corner?Walker
50%
The Shocker, give him the ShockerButtrick
50%
I've been swimming the CFEsLevielle
50%
PewPew Lasers? I love PewPew lasersEaton
37.5%
I mean if she came to my room....I'd **** her. Mayerfeld
12.5%

You're not logged in!

Compare scores with friends on all Sporcle quizzes.
Join for Free
OR
Log In

You Might Also Like...

Show Comments

Extras

Created Mar 3, 2010ReportNominate
Tags:Quote Quiz, derby, last, person

Top Quizzes Today


Score Distribution

Your Account Isn't Verified!

In order to create a playlist on Sporcle, you need to verify the email address you used during registration. Go to your Sporcle Settings to finish the process.

Report this User

Report this user for behavior that violates our Community Guidelines.

Details: